[Event "Vienna Husek op-A"]
[Site "Vienna"]
[Date "2012.08.17"]
[Round "5"]
[White "Morello, Guido"]
[Black "Ponjican, Erich"]
[Result "1-0"]
[WhiteElo "2037"]
[BlackElo "2136"]
[PlyCount "147"]
[EventDate "2012.08.13"]
[EventType "swiss"]
[EventRounds "7"]
[EventCountry "AUT"]
[SourceTitle "EXT 2014"]
[Source "ChessBase"]
[SourceDate "2013.11.20"]
[SourceVersion "1"]
[SourceVersionDate "2013.11.20"]
[SourceQuality "1"]

1. e4 Nf6 2. e5 Nd5 3. d4 d6 4. Bc4 Nb6 5. Bb3 d5 6. f4 Bf5 7. a4 a5 8. Ne2 e6 9. Ng3 Qh4 10. 0-0 Bg4 11. Qd3 N8d7 12. h3 Bh5 13. Nxh5 Qxh5 14. Be3 f5 15. Nd2 Be7 16. c4 c6 17. c5 Nc8 18. Bd1 Qf7 19. Rc1 0-0 20. g4 g6 21. Nf3 h6 22. Kh2 Rb8 23. gxf5 gxf5 24. Rg1+ Kh7 25. b3 Rg8 26. Rxg8 Qxg8 27. Bd2 Bd8 28. Be2 Nf8 29. h4 Qf7 30. Rg1 Ne7 31. Ng5+ hxg5 32. fxg5 Kg8 33. h5 Qh7 34. Qh3 Neg6 35. hxg6 Qxh3+ 36. Kxh3 Nxg6 37. b4 axb4 38. Rb1 Ba5 39. Bh5 Kg7 40. Kg3 Rh8 41. Be2 Ra8 42. Bxb4 Bxb4 43. Rxb4 Ra7 44. Bh5 Nh8 45. Be8 Nf7 46. Kh4 Kf8 47. Bxf7 Kxf7 48. Kh5 Kg7 49. a5 f4 50. Rb3 f3 51. Rxf3 Rxa5 52. Rf6 Ra4 53. Rxe6 Rxd4 54. Re7+ Kf8 55. Rxb7 Re4 56. Rc7 Rxe5 57. Rxc6 d4 58. Rc8+ Ke7 59. c6 d3 60. c7 Rc5 61. Rd8 Rxc7 62. Rxd3 Kf7 63. Kh6 Rc8 64. Kh7 Rc4 65. Rf3+ Ke7 66. g6 Rh4+ 67. Kg7 Rh1 68. Kg8 Rg1 69. g7 Rg2 70. Rf7+ Ke8 71. Rf6 Ke7 72. Rh6 Rg3 73. Kh8 Kf7 74. Rh1 1-0

[Event "Vienna Husek op-A"]
[Site "Vienna"]
[Date "2012.08.14"]
[Round "2"]
[White "Ponjican, Erich"]
[Black "Fuchs, Georg"]
[Result "1/2-1/2"]
[WhiteElo "2136"]
[BlackElo "2300"]
[PlyCount "37"]
[EventDate "2012.08.13"]
[EventType "swiss"]
[EventRounds "7"]
[EventCountry "AUT"]
[SourceTitle "CBM 149 Extra"]
[Source "ChessBase"]
[SourceDate "2012.08.24"]
[SourceVersion "1"]
[SourceVersionDate "2012.08.24"]
[SourceQuality "1"]

1. e4 e5 2. Nf3 Nc6 3. Bb5 a6 4. Ba4 Nf6 5. 0-0 Be7 6. Re1 b5 7. Bb3 0-0 8. c3 d5 9. exd5 Nxd5 10. Nxe5 Nxe5 11. Rxe5 c6 12. d4 Bd6 13. Re1 Qh4 14. g3 Qh3 15. Be3 Bg4 16. Qd3 Rae8 17. Nd2 f5 18. f4 g5 19. Qf1 1/2-1/2

[Event "Vienna Husek op-A"]
[Site "Vienna"]
[Date "2012.08.13"]
[Round "1"]
[White "Ponjican, Erich"]
[Black "De la Orden Alcocer, Alejandro"]
[Result "1-0"]
[WhiteElo "2136"]
[BlackElo "1847"]
[PlyCount "41"]
[EventDate "2012.08.13"]
[EventType "swiss"]
[EventRounds "7"]
[EventCountry "AUT"]
[SourceTitle "EXT 2014"]
[Source "ChessBase"]
[SourceDate "2013.11.20"]
[SourceVersion "1"]
[SourceVersionDate "2013.11.20"]
[SourceQuality "1"]

1. e4 Nf6 2. e5 Nd5 3. d4 d6 4. Nf3 dxe5 5. Nxe5 c6 6. c4 Nf6 7. Be2 Nbd7 8. Nf3 Nb6 9. 0-0 Bg4 10. b3 e6 11. h3 Bf5 12. Nc3 Bb4 13. Bb2 Ne4 14. Nxe4 Bxe4 15. d5 cxd5 16. Qd4 Bf8 17. c5 Nd7 18. Bb5 Bxf3 19. gxf3 a6 20. Ba4 Qf6 21. Bxd7+ 1-0

[Event "Vienna Tschaturanga op-A"]
[Site "Vienna"]
[Date "2012.03.12"]
[Round "7.2"]
[White "Ponjican, Erich"]
[Black "Kreindl, Helmut"]
[Result "1/2-1/2"]
[WhiteElo "2184"]
[BlackElo "2201"]
[PlyCount "87"]
[EventDate "2012.01.30"]
[EventType "swiss"]
[EventRounds "7"]
[EventCountry "AUT"]
[SourceTitle "EXT 2024"]
[Source "ChessBase"]
[SourceDate "2023.10.10"]
[SourceVersion "1"]
[SourceVersionDate "2023.10.10"]
[SourceQuality "1"]

1. e4 d5 2. exd5 Qxd5 3. Nc3 Qd6 4. d4 Nf6 5. Nf3 c6 6. g3 Bg4 7. Bg2 e6 8. h3 Bh5 9. 0-0 Be7 10. Bf4 Qd8 11. g4 Bg6 12. Ne5 Nbd7 13. Nxg6 hxg6 14. Re1 0-0 15. Ne2 Nd5 16. Bh2 b5 17. a4 a6 18. c3 N7b6 19. a5 Nc4 20. b3 Nxa5 21. Qc2 Nb7 22. Nc1 Bd6 23. Nd3 Bxh2+ 24. Kxh2 Qd6+ 25. Kh1 Rfc8 26. Qd2 Nb6 27. f4 a5 28. Rf1 a4 29. bxa4 Rxa4 30. Rxa4 Nxa4 31. Ne5 Nd8 32. f5 gxf5 33. gxf5 exf5 34. Rxf5 Nb6 35. Rh5 Nd7 36. Nxd7 Qxd7 37. Be4 Ne6 38. Qf2 g6 39. Rh6 Qe7 40. Qg3 Qg5 41. Qxg5 Nxg5 42. Bxg6 Kg7 43. Bf5 Rc7 44. Rd6 1/2-1/2

[Event "Vienna Tschaturanga op-A"]
[Site "Vienna"]
[Date "2012.02.13"]
[Round "3.3"]
[White "Ponjican, Erich"]
[Black "Granabetter, Josef"]
[Result "1-0"]
[WhiteElo "2184"]
[BlackElo "1975"]
[PlyCount "169"]
[EventDate "2012.01.30"]
[EventType "swiss"]
[EventRounds "7"]
[EventCountry "AUT"]
[SourceTitle "EXT 2024"]
[Source "ChessBase"]
[SourceDate "2023.10.10"]
[SourceVersion "1"]
[SourceVersionDate "2023.10.10"]
[SourceQuality "1"]

1. e4 c5 2. Nf3 e6 3. d4 cxd4 4. Nxd4 a6 5. c4 Nf6 6. Nc3 Bb4 7. Bd3 Qc7 8. 0-0 Nc6 9. Nde2 Ne5 10. Bf4 Bd6 11. Bg3 h5 12. Kh1 h4 13. Bxe5 Bxe5 14. f4 Bxc3 15. Nxc3 Nh5 16. Ne2 b6 17. b4 Bb7 18. Kg1 Nf6 19. Nc3 Qd6 20. Rc1 Qxb4 21. h3 Qc5+ 22. Kh2 g5 23. e5 Nh5 24. Be4 Qc7 25. Bxb7 Qxb7 26. fxg5 Ng3 27. Rf4 0-0-0 28. Na4 Rhg8 29. Qd6 Qc6 30. Nxb6+ Kb7 31. Rb1 Qxd6 32. exd6 Kc6 33. Rxh4 Rxg5 34. Na4 Kxd6 35. Rb6+ Ke7 36. Rf4 f5 37. Rxa6 Rdg8 38. Rf2 Ne4 39. Rc2 Nf6 40. Nc3 Nh5 41. Nd1 Nf4 42. Ne3 Nd3 43. Ra3 Nc5 44. g3 Ne4 45. Nf1 e5 46. Rf3 Ke6 47. a4 Ra8 48. Ra2 Ra5 49. Rb3 Nc5 50. Rba3 e4 51. Ne3 Ke5 52. h4 Rg8 53. Rb2 Rxa4 54. Rxa4 Nxa4 55. Rb5+ Kd4 56. Nxf5+ Kxc4 57. Nd6+ Kd3 58. Rd5+ Ke3 59. Nf5+ Kf3 60. Rxd7 Nc5 61. Rf7 Ke2 62. Kg2 Nd3 63. Re7 Ne1+ 64. Kh3 Kf3 65. h5 Nd3 66. h6 Rg5 67. Kh4 Rxf5 68. h7 Rf8 69. Rf7+ Rxf7 70. h8Q Rf5 71. Qg8 Nf2 72. Qe6 Rf8 73. Qh6 Ra8 74. Qf6+ Kg2 75. g4 Ra3 76. Qf5 Rg3 77. g5 Rh3+ 78. Qxh3+ Nxh3 79. g6 e3 80. g7 e2 81. g8Q+ Kf1 82. Kxh3 Ke1 83. Kg2 Kd2 84. Qd5+ Ke1 85. Qa5+ 1-0

[Event "AUT-chT2O 1112"]
[Site "Austria"]
[Date "2011.11.06"]
[Round "4.6"]
[White "Wandl, Werner"]
[Black "Ponjican, Erich"]
[Result "0-1"]
[WhiteElo "2112"]
[BlackElo "2184"]
[PlyCount "80"]
[EventDate "2011.10.15"]
[EventType "team-tourn"]
[EventRounds "11"]
[EventCountry "AUT"]
[SourceTitle "EXT 2013"]
[Source "ChessBase"]
[SourceDate "2012.11.22"]
[SourceVersion "1"]
[SourceVersionDate "2012.11.22"]
[SourceQuality "1"]
[WhiteTeam "Eichgraben"]
[BlackTeam "Tschaturanga"]
[WhiteTeamCountry "AUT"]
[BlackTeamCountry "AUT"]

1. e4 c5 2. Nc3 Nc6 3. g3 g6 4. Bg2 Bg7 5. d3 a6 6. f4 e6 7. Nf3 d6 8. 0-0 Nge7 9. Be3 0-0 10. Qd2 b6 11. d4 Qc7 12. Rad1 Rd8 13. Qf2 Bb7 14. Rd2 Na5 15. Rd3 Nc4 16. Bc1 d5 17. e5 Bf8 18. Ne2 Nc6 19. c3 cxd4 20. Nexd4 b5 21. g4 b4 22. Qh4 Qe7 23. Ng5 h6 24. f5 N6xe5 25. fxe6 f6 26. Nf7 Nxf7 27. exf7+ Kxf7 28. g5 f5 29. Re1 Qd7 30. gxh6 Re8 31. Nf3 Rxe1+ 32. Qxe1 Re8 33. Qh4 Bc5+ 34. Kh1 Qe7 35. Qg3 bxc3 36. bxc3 Ne5 37. Bf4 Nxd3 38. Bg5 Nf2+ 39. Qxf2 Bxf2 40. Bxe7 Rxe7 0-1

[Event "AUT-chT2O 1011"]
[Site "Austria"]
[Date "2011.03.12"]
[Round "10.5"]
[White "Ragger, Anna Christina"]
[Black "Ponjican, Erich"]
[Result "1-0"]
[WhiteElo "2210"]
[BlackElo "2206"]
[PlyCount "51"]
[EventDate "2010.10.02"]
[EventType "team-tourn"]
[EventRounds "11"]
[EventCountry "AUT"]
[SourceTitle "EXT 2012"]
[Source "ChessBase"]
[SourceDate "2011.11.24"]
[SourceVersion "1"]
[SourceVersionDate "2011.11.24"]
[SourceQuality "1"]
[WhiteTeam "Wulkaprodersdorf"]
[BlackTeam "Tschaturanga"]
[WhiteTeamCountry "AUT"]
[BlackTeamCountry "AUT"]

1. e4 Nf6 2. e5 Nd5 3. d4 d6 4. c4 Nb6 5. exd6 exd6 6. Nc3 Nc6 7. Be3 Bf5 8. Bd3 Qd7 9. Nge2 Be7 10. 0-0 0-0 11. b3 Rae8 12. Bxf5 Qxf5 13. d5 Ne5 14. Nb5 Bd8 15. Nxa7 c6 16. dxc6 bxc6 17. Qxd6 Re6 18. Nd4 Rxd6 19. Nxf5 Rd7 20. Rad1 Rxa7 21. Rxd8 Rxd8 22. Bxb6 Rad7 23. Bxd8 Rxd8 24. Ne3 g6 25. Rd1 Ra8 26. f4 1-0

[Event "AUT-chT2O 1011"]
[Site "Austria"]
[Date "2010.10.31"]
[Round "4.4"]
[White "Ponjican, Erich"]
[Black "Weissenbeck, Manuel"]
[Result "0-1"]
[WhiteElo "2206"]
[BlackElo "2316"]
[PlyCount "60"]
[EventDate "2010.10.02"]
[EventType "team-tourn"]
[EventRounds "11"]
[EventCountry "AUT"]
[SourceTitle "EXT 2011"]
[Source "ChessBase"]
[SourceDate "2010.11.26"]
[SourceVersion "1"]
[SourceVersionDate "2010.11.26"]
[SourceQuality "1"]
[WhiteTeam "Tschaturanga"]
[BlackTeam "Eichgraben"]
[WhiteTeamCountry "AUT"]
[BlackTeamCountry "AUT"]

1. e4 c5 2. Nf3 d6 3. d4 cxd4 4. Nxd4 Nf6 5. Nc3 a6 6. Bg5 e6 7. f4 Be7 8. Qf3 h6 9. Bh4 Qb6 10. 0-0-0 Nc6 11. Bf2 Qc7 12. f5 Ne5 13. Qe2 b5 14. fxe6 fxe6 15. Nf3 Bd7 16. Nxe5 dxe5 17. g4 0-0 18. Be3 b4 19. Nb1 Rac8 20. Rg1 Ba4 21. b3 Nxe4 22. bxa4 Rf3 23. Rd3 Rxe3 24. Rxe3 Bg5 25. Kb2 Bxe3 26. Qxe3 Qxc2+ 27. Ka1 Nc3 28. Nxc3 bxc3 29. Qb6 Qd1+ 30. Qb1 c2 0-1

[Event "AUT-chT2O 0910"]
[Site "Austria"]
[Date "2010.04.17"]
[Round "10.5"]
[White "Ponjican, Erich"]
[Black "Newrkla, Katharina"]
[Result "1-0"]
[WhiteElo "2170"]
[BlackElo "2083"]
[PlyCount "81"]
[EventDate "2009.10.17"]
[EventType "team-tourn"]
[EventRounds "11"]
[EventCountry "AUT"]
[SourceTitle "EXT 2011"]
[Source "ChessBase"]
[SourceDate "2010.11.26"]
[SourceVersion "1"]
[SourceVersionDate "2010.11.26"]
[SourceQuality "1"]
[WhiteTeam "Tschaturanga"]
[BlackTeam "Wien Austria"]
[WhiteTeamCountry "AUT"]
[BlackTeamCountry "AUT"]

1. e4 c5 2. Nf3 d6 3. d4 cxd4 4. Nxd4 Nf6 5. Nc3 a6 6. Bg5 Nbd7 7. f4 Qc7 8. Qf3 h6 9. Bh4 g5 10. fxg5 hxg5 11. Bxg5 Qc5 12. Nf5 Ne5 13. Qe3 Nfg4 14. Qxc5 dxc5 15. Nd5 Bxf5 16. Nc7+ Kd7 17. Nxa8 Bxe4 18. 0-0-0+ Kc6 19. Rd8 Bg7 20. Rxh8 Bxh8 21. a4 Ng6 22. Be2 Nf6 23. Rg1 Nd5 24. g3 Bd4 25. Rf1 f6 26. Bd2 b5 27. a5 Bg2 28. Rf5 Bg1 29. Rh5 c4 30. Rh7 Be4 31. Rh6 Ne3 32. Bh5 Ne5 33. Bd1 Nxd1 34. Kxd1 Nf3 35. Bb4 Nxh2 36. Bxe7 Ng4 37. Rh4 f5 38. Bg5 Bf2 39. Bf4 Bd4 40. c3 Be3 41. Rxg4 1-0

[Event "AUT-chT2O 0910"]
[Site "Austria"]
[Date "2009.10.18"]
[Round "2.5"]
[White "Ponjican, Erich"]
[Black "Stadler, Peter"]
[Result "1-0"]
[WhiteElo "2170"]
[BlackElo "2169"]
[PlyCount "59"]
[EventDate "2009.10.17"]
[EventType "team-tourn"]
[EventRounds "11"]
[EventCountry "AUT"]
[SourceTitle "EXT 2010"]
[Source "ChessBase"]
[SourceDate "2010.11.25"]
[SourceVersion "1"]
[SourceVersionDate "2010.11.25"]
[SourceQuality "1"]
[WhiteTeam "Tschaturanga"]
[BlackTeam "Zwettl"]
[WhiteTeamCountry "AUT"]
[BlackTeamCountry "AUT"]

1. e4 c5 2. Nf3 e6 3. d4 cxd4 4. Nxd4 Nf6 5. Nc3 d6 6. Bg5 a6 7. f4 b5 8. e5 dxe5 9. fxe5 Qc7 10. Nf3 Nfd7 11. Ne4 Bb7 12. Nd6+ Bxd6 13. exd6 Qc5 14. Qd2 Ne5 15. 0-0-0 Nbd7 16. Nxe5 Qxe5 17. Be7 Bd5 18. Re1 Qh5 19. h4 f5 20. Be2 Qf7 21. Bf3 Bxf3 22. gxf3 Nb6 23. Rhg1 Nd5 24. Qd4 Rg8 25. Re2 Nxe7 26. d7+ Kd8 27. Qb6+ Kxd7 28. Qb7+ Kd6 29. Rd1+ Kc5 30. Qc7+ 1-0

[Event "Niederoesterreich Landesliga 0809"]
[Site "Austria"]
[Date "2009.02.01"]
[Round "8"]
[White "Janetschek, Karl"]
[Black "Ponjican, Erich"]
[Result "1/2-1/2"]
[WhiteElo "2244"]
[BlackElo "2117"]
[PlyCount "68"]
[EventDate "2008.09.28"]
[EventType "team-tourn"]
[EventRounds "11"]
[EventCountry "AUT"]
[SourceTitle "EXT 2022"]
[Source "ChessBase"]
[SourceDate "2021.10.06"]
[SourceVersion "1"]
[SourceVersionDate "2021.10.06"]
[SourceQuality "1"]

1. e4 Nf6 2. e5 Nd5 3. d4 d6 4. Nf3 Bg4 5. h3 Bh5 6. g4 Bg6 7. e6 fxe6 8. Ng5 h6 9. Nxe6 Qd7 10. Qe2 Bf7 11. Nf4 Nxf4 12. Bxf4 g5 13. Be3 Qc6 14. Rg1 Qb6 15. c3 Nd7 16. Qc2 0-0-0 17. Nd2 d5 18. 0-0-0 Bg6 19. Bd3 Bxd3 20. Qxd3 e6 21. f4 gxf4 22. Bxf4 c5 23. Rge1 Re8 24. Nf3 Bd6 25. Bxd6 Qxd6 26. Ne5 Nxe5 27. Rxe5 Rhf8 28. Qe3 cxd4 29. cxd4 Rf6 30. Kb1 Kb8 31. a3 a6 32. Re1 Ka7 33. Rh5 Qf8 34. Ka2 Rc8 1/2-1/2

[Event "Niederoesterreich Landesliga 0809"]
[Site "Austria"]
[Date "2008.09.28"]
[Round "1"]
[White "Heimberger, Reinhard"]
[Black "Ponjican, Erich"]
[Result "1-0"]
[WhiteElo "2219"]
[BlackElo "2117"]
[PlyCount "72"]
[EventDate "2008.09.28"]
[EventType "team-tourn"]
[EventRounds "11"]
[EventCountry "AUT"]
[SourceTitle "EXT 2022"]
[Source "ChessBase"]
[SourceDate "2021.10.06"]
[SourceVersion "1"]
[SourceVersionDate "2021.10.06"]
[SourceQuality "1"]

1. c4 c6 2. b3 d5 3. Bb2 Bf5 4. Nf3 e6 5. g3 Nf6 6. Bg2 h6 7. 0-0 Nbd7 8. Nc3 Be7 9. d3 0-0 10. Qc2 Qa5 11. e4 dxe4 12. dxe4 Bh7 13. Qe2 e5 14. Nh4 Rfd8 15. Nf5 Bf8 16. a3 Qc7 17. Na4 a5 18. Rac1 Nc5 19. Nxc5 Bxc5 20. Rcd1 Bg6 21. Kh1 Nd7 22. Nh4 Nf8 23. f4 exf4 24. gxf4 Rxd1 25. Qxd1 Qd7 26. Qxd7 Nxd7 27. Nxg6 fxg6 28. e5 Kf7 29. e6+ Kxe6 30. Bh3+ Ke7 31. Re1+ Kf8 32. Bxd7 Rd8 33. Bg4 Rd3 34. Bd1 Rd2 35. Bc3 Rd3 36. Bxa5 Bxa3 1-0

[Event "Niederoesterreich Landesliga 0708"]
[Site "Austria"]
[Date "2008.02.24"]
[Round "9"]
[White "Weinzettl, Ernst"]
[Black "Ponjican, Erich"]
[Result "1-0"]
[WhiteElo "2290"]
[BlackElo "2160"]
[PlyCount "69"]
[EventDate "2007.09.16"]
[EventType "team-tourn"]
[EventRounds "13"]
[EventCountry "AUT"]
[SourceTitle "EXT 2022"]
[Source "ChessBase"]
[SourceDate "2021.10.06"]
[SourceVersion "1"]
[SourceVersionDate "2021.10.06"]
[SourceQuality "1"]

1. c4 c6 2. e4 d5 3. exd5 cxd5 4. d4 Nf6 5. Nc3 Nc6 6. Bg5 dxc4 7. d5 Ne5 8. Qd4 Nd3+ 9. Bxd3 cxd3 10. Nf3 h6 11. Bh4 a6 12. 0-0 g5 13. Bg3 Bg7 14. Qxd3 0-0 15. Rad1 Bg4 16. Rfe1 Re8 17. h4 Nh5 18. Qe4 Qd7 19. hxg5 Nxg3 20. fxg3 hxg5 21. Nxg5 f5 22. Qf4 Qd6 23. Rd2 Rac8 24. Re6 Qxf4 25. gxf4 Bh5 26. Ne2 Bf6 27. Ng3 Bg4 28. Rb6 Rc7 29. Ne6 Rd7 30. Nf1 Rc8 31. Ne3 Kf7 32. Kf2 Rc1 33. Nxg4 fxg4 34. Kg3 Rc4 35. Kxg4 1-0